Mutual effect of uric acid and homocysteine on coronary artery disease

Bibliographic Details
Main Authors: Penz, P. (Author), Lietava, Ján, 1958- (Author), Vachulová, Anna, 1972- (Author), Čaprnda, Martin, 1976- (Author), Dukát, Andrej, 1950- (Author)
Corporate Author: Dny mladých internistů (Author)
Format: Conference Proceeding Article
Language:English
ISSN:0042-773X
Subjects:

MARC

LEADER 00000nab a2200000 a 4500
001 vtls008415524
003 SK-MaSNL
005 20260414105233.0
008 141122c2005 xo 0 eng
015 |a SNBCL2005/5 
035 |a SLK033697 
040 |a SLKCL  |b slo  |c SNKBUCL  |e AACR2 
041 1 |a eng 
044 |a xo  |c SK 
080 |a 616.132.2-06:616.153.857-008.61:061.3  |2 1981 
245 0 0 |a Mutual effect of uric acid and homocysteine on coronary artery disease  |c P. Penz ... [et al.] 
650 0 7 |a koronárna artérioskleróza  |2 MESH  |9 1309193 
650 0 7 |a faktory rizikové  |2 MESH  |9 838956 
650 0 7 |a hyperurikémia  |x komplikácie  |2 MESH  |9 1112433 
650 0 7 |a hyperhomocysteinémia  |x komplikácie  |2 MESH  |9 1112434 
650 0 7 |a abstrakty z kongresu  |2 MESH  |9 168204 
700 1 |a Penz, P.  |4 aut  |9 1112435 
700 1 |a Lietava, Ján,  |d 1958-  |4 aut  |9 5263 
700 1 |a Vachulová, Anna,  |d 1972-  |4 aut  |9 164405 
700 1 |a Čaprnda, Martin,  |d 1976-  |4 aut  |9 164403 
700 1 |a Dukát, Andrej,  |d 1950-  |4 aut  |9 194267 
711 1 |a Dny mladých internistů  |n (24. :  |d 2005 :  |c Olomouc, Česko)  |4 aut  |9 82565 
773 0 |t Vnitřní lékařství  |g Roč. 51, č. 5 (2005), s. 609  |x 0042-773X 
850 |a Slovenská lekárska knižnica v Bratislave  |a BA006 
852 |a BA006  |b KIS3GCP  |b 000500000 
954 |a odborná, vedecká literatúra pôvodná (slovenská)  |2 lita 
958 |a OND 
999 |c 1836813  |d 1838743